| 000 | 00579nam a2200181Ia 4500 | ||
|---|---|---|---|
| 003 | OSt | ||
| 005 | 20240418110656.0 | ||
| 008 | 210210b1960 xxu||||| |||| 00| 0 eng d | ||
| 040 | _cAL | ||
| 041 | _aKannada | ||
| 082 | _a856/223 | ||
| 100 |
_aPADMAVATAMMA (K) ಪದ್ಮಾವತಮ್ಮ ಕೆ _9161314 |
||
| 245 |
_aJapanara itihasa mattu nagarikate _bಜಪಾನರ ಇತಿಹಾಸ ಮತ್ತು ನಾಗರಿಕತೆ |
||
| 260 |
_aMaisuru _bMaisuru Vishvavidyanilaya _c1960 |
||
| 690 |
_aKannada Miscellaneous _9161316 |
||
| 906 | _a020461 | ||
| 942 |
_2ddc _cBK |
||
| 999 |
_c144609 _d144609 |
||